[Event "4.liga A22 2019/2020"]
[Site "?"]
[Date "2020.02.23"]
[Round "9.5"]
[White "Bott, Tamas"]
[Black "Lopatievov, Alexander"]
[Result "0-1"]
[WhiteElo "1655"]
[BlackElo "1872"]
[PlyCount "104"]
[EventDate "2019.10.13"]

1. e4 c6 2. d4 d5 3. e5 Bf5 4. Bd3 Bxd3 5. Qxd3 e6 6. Nf3 h6 7. O-O Ne7 8. b3
Ng6 9. Re1 Nd7 10. Be3 Be7 11. c4 b6 12. Nc3 a6 13. Rab1 O-O 14. b4 Nh4 15. c5
f5 16. Nxh4 Bxh4 17. g3 Be7 18. Ne2 g5 19. g4 Qe8 20. gxf5 Rxf5 21. Ng3 Rf8 22.
Kh1 Qf7 23. Qe2 Qf3+ 24. Qxf3 Rxf3 25. cxb6 Nxb6 26. Rec1 Nc4 27. Kg2 Raf8 28.
Nh5 R3f7 29. Kh1 Kh7 30. a4 Kg6 31. Ng3 Rb8 32. b5 cxb5 33. axb5 Rxb5 34. Rxb5
axb5 35. Kg2 Ba3 36. Rb1 b4 37. h3 Bb2 38. Ne2 Ra7 39. Bd2 Ra4 40. Be1 h5 41.
f3 h4 42. f4 b3 43. fxg5 Kxg5 44. Kf3 Kf5 45. Rd1 Ra2 46. Bxh4 Ba3 47. Rg1 Nd2+
48. Ke3 Ne4 49. Kf3 Rc2 50. Rg4 b2 51. Rg1 b1=Q 52. Rxb1 Nd2+ 0-1

[Event "4.liga A22 2019/2020"]
[Site "?"]
[Date "2020.02.23"]
[Round "9.5"]
[White "Zarecky, Eduard"]
[Black "Sandor, Stefan"]
[Result "0-1"]
[WhiteElo "1800"]
[BlackElo "1575"]
[PlyCount "92"]
[EventDate "2019.10.13"]

1. d4 Nf6 2. c4 e6 3. Nf3 d5 4. e3 dxc4 5. Bxc4 Be7 6. O-O O-O 7. Nc3 b6 8. a3
Bb7 9. b4 a5 10. b5 Nd5 11. Bb2 Nxc3 12. Bxc3 Nd7 13. Bb2 c5 14. Rc1 cxd4 15.
Nxd4 Bf6 16. Ba2 Rc8 17. Nxe6 Rxc1 18. Bxc1 fxe6 19. Bxe6+ Kh8 20. Qxd7 Qxd7
21. Bxd7 Rd8 22. Rd1 Bc8 23. Bg4 Bxg4 24. Rxd8+ Bxd8 25. f3 Be6 26. e4 Be7 27.
Be3 Bd8 28. g4 Kg8 29. h3 Kf7 30. f4 g6 31. Kf2 Bc4 32. Bd4 Bxb5 33. Ke3 Bd7
34. f5 Bg5+ 35. Kf3 b5 36. Bc3 a4 37. Bb2 Be7 38. Kf4 b4 39. axb4 Bxb4 40. e5
a3 41. e6+ Bxe6 42. fxe6+ Kxe6 43. Bc1 a2 44. Bb2 Be7 45. g5 Kd5 46. h4 Bd6+
0-1

[Event "4.liga A22 2019/2020"]
[Site "?"]
[Date "2020.02.23"]
[Round "9.6"]
[White "Kalmar, Tamas"]
[Black "Bugar, Peter"]
[Result "1/2-1/2"]
[WhiteElo "2033"]
[BlackElo "2007"]
[PlyCount "56"]
[EventDate "2019.10.13"]
[WhiteTeam "DSC Potôňska veža C"]
[BlackTeam "ŠK Dunajská Streda C"]

1. d4 Nf6 2. c4 c5 3. Nf3 cxd4 4. Nxd4 e5 5. Nb5 d5 6. cxd5 Bc5 7. e3 O-O 8.
N5c3 a6 9. Be2 b5 10. a3 b4 11. axb4 Bxb4 12. O-O e4 13. Qd4 Qe7 14. Nd2 Bf5
15. Nc4 Rd8 16. Rd1 Nc6 17. Qb6 Bxc3 18. Qxc6 Be5 19. d6 Qe6 20. Nxe5 Qxe5 21.
Qc3 Qe6 22. Bc4 Rxd6 23. Rxd6 Qxd6 24. Qd2 Qc7 25. Be2 Ng4 26. Bxg4 Bxg4 27.
Qc3 Rd8 28. Bd2 Qxc3 1/2-1/2

[Event "4.liga A22 2019/2020"]
[Site "?"]
[Date "2020.02.23"]
[Round "9.6"]
[White "Matis, Tibor"]
[Black "Meszaros, Lorant"]
[Result "0-1"]
[WhiteElo "1986"]
[BlackElo "1895"]
[PlyCount "120"]
[EventDate "2019.10.13"]
[WhiteTeam "ŠK Dunajská Streda C"]
[BlackTeam "DSC Potôňska veža C"]

1. e4 e5 2. Nf3 Nc6 3. Bc4 Bc5 4. b4 Bxb4 5. c3 Be7 6. d4 Na5 7. Nxe5 Nxc4 8.
Nxc4 d5 9. exd5 Qxd5 10. Ne3 Qd8 11. O-O Nf6 12. Nd2 O-O 13. Nf3 c6 14. Qd3 Nd5
15. Nxd5 Qxd5 16. Re1 Bf5 17. Qe2 Bf6 18. Ba3 Rfd8 19. Rad1 Be6 20. Rd2 h6 21.
Ne5 Bg5 22. Rb2 Qa5 23. Bb4 Qc7 24. g3 b6 25. f4 Bf6 26. Qe3 Rac8 27. Rc2 c5
28. dxc5 bxc5 29. Ba3 Qa5 30. c4 Bxe5 31. fxe5 Rd3 32. Qxd3 Qxe1+ 33. Kg2 Qxe5
34. Re2 Qg5 35. Qe4 Qh5 36. h4 Rd8 37. Bb2 Re8 38. Qd3 Bd5+ 39. Kf2 Qxe2+ 40.
Qxe2 Rxe2+ 41. Kxe2 Bxc4+ 42. Kd2 Bxa2 43. Ba3 c4 44. Bb4 f5 45. Ke3 Kf7 46.
Kf4 Ke6 47. Bf8 Kf6 48. Bc5 g5+ 49. hxg5+ hxg5+ 50. Ke3 a6 51. Kd4 Ke6 52. Bb4
Bb3 53. Bd2 Kf6 54. Bc3 Kg6 55. Ke5 Bc2 56. Kd4 Bd3 57. Ke3 Kh5 58. Kf2 Kg4 59.
Bd2 f4 60. gxf4 gxf4 0-1

[Event "4.liga A22 2019/2020"]
[Site "?"]
[Date "2020.02.23"]
[Round "9.6"]
[White "Szocs, Ladislav"]
[Black "Minarik, Jozef"]
[Result "0-1"]
[WhiteElo "1808"]
[BlackElo "1667"]
[PlyCount "68"]
[EventDate "2019.10.13"]
[WhiteTeam "DSC Potôňska veža C"]
[BlackTeam "ŠK Dunajská Streda C"]

1. Nf3 Nf6 2. g3 g6 3. Bg2 Bg7 4. O-O O-O 5. d4 d5 6. c4 c6 7. cxd5 cxd5 8. Nc3
Nc6 9. Ne5 e6 10. Nxc6 bxc6 11. b3 Re8 12. Bb2 Nd7 13. e4 Ba6 14. Re1 Rc8 15.
Qd2 Qa5 16. a3 Qb6 17. Qc2 Qxd4 18. Rad1 Qb6 19. Na4 Qc7 20. Bxg7 Kxg7 21. Nc5
Nxc5 22. Qxc5 Qb6 23. b4 Bc4 24. exd5 Qxc5 25. bxc5 cxd5 26. Bf1 Rxc5 27. Bxc4
Rxc4 28. Rc1 h6 29. Rxc4 dxc4 30. Rc1 Rc8 31. Rc3 Kf6 32. Kf1 Ke5 33. Ke2 h5
34. Ke3 Kd5 0-1

[Event "4.liga A22 2019/2020"]
[Site "?"]
[Date "2020.02.23"]
[Round "9.6"]
[White "Mezes, Kristof"]
[Black "Both, Lajos"]
[Result "1-0"]
[WhiteElo "1678"]
[BlackElo "1686"]
[PlyCount "53"]
[EventDate "2019.10.13"]
[WhiteTeam "ŠK Dunajská Streda C"]
[BlackTeam "DSC Potôňska veža C"]

1. d4 Nf6 2. c4 b6 3. Nc3 Bb7 4. Nf3 e6 5. Bg5 Be7 6. e3 O-O 7. Bd3 d5 8. O-O
Nbd7 9. Rc1 c5 10. cxd5 exd5 11. Bb1 h6 12. Bf4 Nh5 13. dxc5 Nxf4 14. exf4 Nxc5
15. Qc2 g6 16. Ne5 Kg7 17. Nxg6 Rg8 18. Nxe7 Qxe7 19. Qh7+ Kf8 20. Qxh6+ Rg7
21. Rfe1 Qd7 22. f5 Kg8 23. f6 Rxg2+ 24. Kxg2 Qg4+ 25. Kf1 Ba6+ 26. Ne2 Ne6 27.
Bh7+ 1-0

[Event "4.liga A22 2019/2020"]
[Site "?"]
[Date "2020.02.23"]
[Round "9.6"]
[White "Rozsas, Daniel"]
[Black "Kiss, Balazs"]
[Result "1-0"]
[WhiteElo "1636"]
[BlackElo "1399"]
[PlyCount "111"]
[EventDate "2019.10.13"]
[WhiteTeam "DSC Potôňska veža C"]
[BlackTeam "ŠK Dunajská Streda C"]

1. e4 c5 2. Nf3 Nc6 3. d4 cxd4 4. Nxd4 e5 5. Nb5 d6 6. c4 a6 7. N5a3 Nf6 8. Nc3
Be7 9. Bg5 Bg4 10. f3 Be6 11. Nc2 h6 12. Be3 Nh5 13. Qd2 O-O 14. g4 Bh4+ 15.
Kd1 Nf4 16. Nd5 Bxd5 17. cxd5 Na5 18. Bxf4 exf4 19. Qxf4 Bg5 20. Qg3 b5 21. h4
Bf6 22. Rb1 Rc8 23. Rh2 Nc4 24. Bxc4 Rxc4 25. Re2 Bxh4 26. Qg2 Bf6 27. Ne3 Rd4+
28. Rd2 Rxd2+ 29. Qxd2 Bg5 30. Ke2 Bf4 31. Rc1 Qf6 32. Rc6 Ra8 33. Qc3 Qh4 34.
Rc8+ Rxc8 35. Qxc8+ Kh7 36. Qf5+ g6 37. Qxf4 Qe7 38. a4 bxa4 39. Nc4 Qc7 40.
Kd3 a3 41. bxa3 Qb7 42. Nxd6 Qb3+ 43. Ke2 Qb2+ 44. Qd2 Qxa3 45. Nxf7 Kg7 46.
Nxh6 Qc5 47. g5 Qb5+ 48. Kf2 a5 49. Qc3+ Kf8 50. Qc8+ Qe8 51. Qc5+ Qe7 52. d6
Qd7 53. Qc7 Qe6 54. Qd8+ Kg7 55. Qe7+ Qxe7 56. dxe7 1-0

[Event "4.liga A22 2019/2020"]
[Site "?"]
[Date "2020.03.08"]
[Round "10.1"]
[White "Skreko, Igor"]
[Black "Bugar, Peter"]
[Result "0-1"]
[WhiteElo "1748"]
[BlackElo "2005"]
[PlyCount "80"]
[EventDate "2019.10.13"]
[WhiteTeam "ŠK KOMPLET Trnava - Modranka juniori"]
[BlackTeam "ŠK Dunajská Streda C"]

1. d4 Nf6 2. c4 c5 3. d5 e6 4. Nc3 exd5 5. cxd5 d6 6. e4 g6 7. f4 Bg7 8. Bb5+
Nfd7 9. a4 O-O 10. Nf3 Na6 11. O-O Nb4 12. Be3 a6 13. Be2 Re8 14. Nd2 Qc7 15.
Qb1 f5 16. Bf3 fxe4 17. Ndxe4 Nf6 18. Nxf6+ Bxf6 19. Be4 Qg7 20. Bd2 Bd7 21.
Rf3 Re7 22. Kh1 Rae8 23. Ra3 Qf7 24. f5 g5 25. Rg3 h6 26. Rg4 h5 27. Rg3 g4 28.
h3 Bh4 29. Re3 Re5 30. Qf1 Bg5 31. Re2 Bxd2 32. Rxd2 Rxe4 33. Nxe4 Rxe4 34. Rg3
Qf6 35. Re2 Qe5 36. Rxe4 Qxe4 37. f6 Kf7 38. Qc1 Nxd5 39. hxg4 hxg4 40. Rb3 g3
0-1

[Event "4.liga A22 2019/2020"]
[Site "?"]
[Date "2020.03.08"]
[Round "10.1"]
[White "Matis, Tibor"]
[Black "Longauer, Jan"]
[Result "0-1"]
[WhiteElo "1957"]
[BlackElo "1840"]
[PlyCount "56"]
[EventDate "2019.10.13"]
[WhiteTeam "ŠK Dunajská Streda C"]
[BlackTeam "ŠK KOMPLET Trnava - Modranka juniori"]

1. e4 e6 2. d4 d5 3. Nd2 dxe4 4. Nxe4 Bd7 5. Bg5 Be7 6. Bxe7 Qxe7 7. Bd3 Nf6 8.
Qd2 Bc6 9. Qe2 Nxe4 10. Bxe4 Bxe4 11. Qxe4 Qb4+ 12. Ke2 Qxb2 13. Nf3 Qb5+ 14.
Ke3 Nc6 15. Rhb1 Qa6 16. Ne5 Nxe5 17. Qxe5 O-O 18. Qxc7 e5 19. dxe5 Rac8 20.
Qd6 Rc3+ 21. Kd2 Qc4 22. Rc1 Rc8 23. Ke1 h6 24. a3 Qf4 $1 25. Rab1 Qxh2 26. Qd4
Qxg2 27. Kd2 R3c4 28. Qe3 Rd8+ 0-1

[Event "4.liga A22 2019/2020"]
[Site "?"]
[Date "2020.03.08"]
[Round "10.1"]
[White "Gajarsky, Julius"]
[Black "Mezes, Kristof"]
[Result "1/2-1/2"]
[WhiteElo "1709"]
[BlackElo "1694"]
[PlyCount "89"]
[EventDate "2019.10.13"]
[WhiteTeam "ŠK KOMPLET Trnava - Modranka juniori"]
[BlackTeam "ŠK Dunajská Streda C"]

1. d4 e6 2. c4 d5 3. Nc3 c6 4. e3 f5 5. Nf3 Nf6 6. Bd3 Bd6 7. c5 Bc7 8. O-O O-O
9. b4 Ne4 10. Bxe4 fxe4 11. Ne5 Nd7 12. f4 exf3 13. Nxf3 e5 14. e4 Nf6 15. Bg5
Bg4 16. exd5 cxd5 17. Qb3 e4 18. Nxe4 Kh8 19. Nxf6 gxf6 20. Bh4 Qd7 21. Rae1
Qf7 22. Ne5 Qg7 23. Nxg4 Qxg4 24. Bf2 Qh5 25. Bg3 Bxg3 26. Qxg3 Rae8 27. Rxe8
Rxe8 28. Qf3 Qxf3 29. Rxf3 Re4 30. Rd3 Kg7 31. a4 Re1+ 32. Kf2 Ra1 33. Rg3+ Kf7
34. Rh3 Kg7 35. Rg3+ Kf7 36. Rh3 Kg7 37. Rh5 Rxa4 38. Rxd5 Rxb4 39. Rd7+ Kg6
40. d5 a5 41. d6 a4 42. Rd8 Kf7 43. Rd7+ Kg6 44. Rc7 a3 45. Rc8 1/2-1/2

[Event "4.liga A22 2019/2020"]
[Site "?"]
[Date "2020.03.08"]
[Round "10.1"]
[White "Kiss, Balasz"]
[Black "Rau, Vladimir"]
[Result "0-1"]
[WhiteElo "1380"]
[BlackElo "1704"]
[PlyCount "134"]
[EventDate "2019.10.13"]
[WhiteTeam "ŠK Dunajská Streda C"]
[BlackTeam "ŠK KOMPLET Trnava - Modranka juniori"]

1. e4 c6 2. d4 d5 3. e5 Bf5 4. Nc3 e6 5. Nf3 Nd7 6. Bd3 Bxd3 7. Qxd3 c5 8. Bg5
Be7 9. Bxe7 Nxe7 10. dxc5 Nc6 11. O-O Nxc5 12. Qb5 Qb6 13. Nd4 Qxb5 14. Ndxb5
O-O 15. f4 a6 16. Nd6 b5 17. a3 Rfd8 18. b4 Nd7 19. Rad1 Nb6 20. Nb7 Rd7 21.
Na5 Nxa5 22. bxa5 Nc4 23. Rf3 Nxa5 24. f5 Nc4 25. fxe6 fxe6 26. Rg3 Rf8 27. Ne4
Nxe5 28. Nc5 Rd6 29. Re1 Rc6 30. Nxa6 Rxa6 31. Rxe5 b4 32. Ree3 Rxa3 33. Rxa3
bxa3 34. Rxa3 Rc8 35. Re3 Kf7 36. c3 Rc4 37. Kf2 Ke7 38. Rg3 g6 39. Ke2 e5 40.
Kd3 e4+ 41. Kd2 Ke6 42. h4 Ra4 43. Ke3 Ra2 44. Kf4 Rf2+ 45. Ke3 Rf1 46. h5 gxh5
47. Rh3 Rf5 48. Rh2 Ke5 49. Rh3 Rg5 50. Kf2 d4 51. cxd4+ Kxd4 52. Ra3 Rc5 53.
Ra7 e3+ 54. Kf3 Rf5+ 55. Kg3 e2 56. Ra4+ Kc3 57. Ra3+ Kd4 58. Ra4+ Ke5 59. Ra5+
Ke6 60. Ra6+ Ke5 61. Ra5+ Kf6 62. Ra6+ Kg5 63. Re6 h4+ 64. Kh3 Rf1 65. g3 e1=Q
66. Rxe1 Rxe1 67. gxh4+ Kh5 0-1

[Event "4.liga A22 2019/2020"]
[Site "?"]
[Date "2020.03.08"]
[Round "10.1"]
[White "Skreko, Igor"]
[Black "Matis, Tibor"]
[Result "1/2-1/2"]
[WhiteElo "1451"]
[BlackElo "1607"]
[PlyCount "75"]
[EventDate "2019.10.13"]
[WhiteTeam "ŠK KOMPLET Trnava - Modranka juniori"]
[BlackTeam "ŠK Dunajská Streda C"]

1. d4 d5 2. c4 c6 3. e3 Bf5 4. Nf3 Nf6 5. Nc3 e6 6. a3 b6 7. Be2 Bd6 8. Nh4 Bg6
9. cxd5 exd5 10. Nxg6 fxg6 11. Bf3 O-O 12. Qc2 Re8 13. Bd2 Qc7 14. g3 Nbd7 15.
O-O Kh8 16. Rfc1 Rac8 17. Qd1 Qb7 18. Rc2 Ne4 19. Nxe4 dxe4 20. Bg2 c5 21. Rac1
Nf6 22. dxc5 Rxc5 23. Rxc5 bxc5 24. Bc3 Qb8 25. Rb1 Be5 26. Qc2 Bxc3 27. bxc3
Qc7 28. Qa4 Qe5 29. Qxa7 Qxc3 30. Rb8 Qc1+ 31. Bf1 Rxb8 32. Qxb8+ Ng8 33. a4
Qa1 34. Qb5 h5 35. Qxc5 Qxa4 36. h4 Nf6 37. Qd4 Qc2 38. Bh3 1/2-1/2

[Event "4.liga A22 2019/2020"]
[Site "?"]
[Date "2020.03.08"]
[Round "10.2"]
[White "Bango, Lukas"]
[Black "Kalmar, Tamas"]
[Result "1-0"]
[WhiteElo "2173"]
[BlackElo "2017"]
[PlyCount "73"]
[EventDate "2019.10.13"]
[WhiteTeam "ŠK KOMPLET Trnava - Modranka B"]
[BlackTeam "DSC Potôňska veža C"]

1. e4 c6 2. Nc3 d5 3. Nf3 Bg4 4. h3 Bxf3 5. Qxf3 e6 6. d3 Nf6 7. g4 h6 8. Bg2
Bd6 9. O-O Nbd7 10. Qe2 d4 11. Nd1 e5 12. c3 c5 13. a4 g5 14. b4 b6 15. Nb2 Nf8
16. f4 gxf4 17. Bxf4 Ng6 18. Bg3 Nd7 19. Nc4 Qe7 20. Rf5 O-O 21. Raf1 Kg7 22.
h4 f6 23. g5 hxg5 24. hxg5 fxg5 25. Qg4 Rae8 26. Rxg5 Rxf1+ 27. Bxf1 Ndf8 28.
bxc5 bxc5 29. cxd4 cxd4 30. Nxe5 Qe6 31. Qh5 Be7 32. Bh3 Bxg5 33. Bxe6 Be3+ 34.
Kf1 Rxe6 35. Nxg6 Nxg6 36. Qg4 Kf7 37. Ke2 1-0

[Event "4.liga A22 2019/2020"]
[Site "?"]
[Date "2020.03.08"]
[Round "10.2"]
[White "Meszaros, Lorant"]
[Black "Bango, Dominik"]
[Result "1/2-1/2"]
[WhiteElo "1924"]
[BlackElo "1804"]
[PlyCount "60"]
[EventDate "2019.10.13"]
[WhiteTeam "DSC Potôňska veža C"]
[BlackTeam "ŠK KOMPLET Trnava - Modranka B"]

1. d4 d5 2. c4 e6 3. g3 Nf6 4. Bg2 c6 5. Nf3 Bd6 6. O-O O-O 7. Nbd2 Nbd7 8. Qc2
e5 9. dxe5 Nxe5 10. Nxe5 Bxe5 11. Nf3 Bc7 12. Rd1 Qe7 13. cxd5 Nxd5 14. Bg5 f6
15. Bd2 Be6 16. e4 Nb6 17. b3 Rad8 18. Be3 Rxd1+ 19. Rxd1 Rd8 20. Rxd8+ Qxd8
21. Nd4 Qd7 22. Nxe6 Qxe6 23. f4 a6 24. Bf1 Qd7 25. e5 Nd5 26. Bd4 Nxf4 27.
Bc4+ Kh8 28. Qe4 fxe5 29. Be3 Qd1+ 30. Kf2 Ng6 1/2-1/2

[Event "4.liga A22 2019/2020"]
[Site "?"]
[Date "2020.03.08"]
[Round "10.2"]
[White "Lopatievov, Alexander"]
[Black "Szocs, Ladislav"]
[Result "1-0"]
[WhiteElo "1866"]
[BlackElo "1801"]
[PlyCount "57"]
[EventDate "2019.10.13"]
[WhiteTeam "ŠK KOMPLET Trnava - Modranka B"]
[BlackTeam "DSC Potôňska veža C"]

1. e4 d5 2. e5 c5 3. c3 Nc6 4. d4 cxd4 5. cxd4 Qb6 6. Ne2 Bg4 7. f3 Bf5 8. a3
e6 9. Nbc3 Bg6 10. Na4 Qc7 11. b4 f6 12. exf6 Nxf6 13. Be3 Bd6 14. g3 Kf7 15.
Rc1 Qe7 16. Bg2 Rac8 17. O-O Rhe8 18. Nc5 b6 19. Nd3 Bxd3 20. Qxd3 Kg8 21. Bh3
Qf7 22. Bf4 Bxf4 23. Nxf4 g5 24. Ne2 Qh5 25. Kg2 g4 26. fxg4 Nxg4 27. Qf3 Nf6
28. Qxh5 Nxh5 29. b5 1-0

[Event "4.liga A22 2019/2020"]
[Site "?"]
[Date "2020.03.08"]
[Round "10.2"]
[White "Both, Lajos"]
[Black "Kramar, Matus"]
[Result "1-0"]
[WhiteElo "1682"]
[BlackElo "1707"]
[PlyCount "131"]
[EventDate "2019.10.13"]
[WhiteTeam "DSC Potôňska veža C"]
[BlackTeam "ŠK KOMPLET Trnava - Modranka B"]

1. Nf3 Nf6 2. c4 g6 3. b3 Bg7 4. Bb2 O-O 5. g3 d6 6. d4 Bg4 7. Bg2 c6 8. h3
Bxf3 9. Bxf3 Qd7 10. Nd2 Na6 11. Bg2 Rac8 12. O-O d5 13. e3 e6 14. Qe2 Qc7 15.
c5 Nd7 16. f4 Ndxc5 17. Ba3 Nd7 18. Bxf8 Bxf8 19. h4 Qa5 20. Nf3 c5 21. Rfc1
Nb6 22. h5 c4 23. hxg6 hxg6 24. bxc4 Nxc4 25. Ne5 b5 26. Nxc4 bxc4 27. Kf2 Nb4
28. Rh1 Nd3+ 29. Kf3 Rb8 30. Rab1 Rc8 31. Bf1 Bg7 32. Rh2 Bf8 33. Qd1 Nb4 34.
Ra1 Qa3 35. Qc1 Qa4 36. a3 Nc6 37. Be2 Qb3 38. Kf2 Rb8 39. Rh1 Qa4 40. Bd1 Qb5
41. Qc3 Qb2+ 42. Qxb2 Rxb2+ 43. Kf3 f5 44. Ba4 Na5 45. Bd7 Rb6 46. Ra2 Rd6 47.
Ba4 Rb6 48. g4 Nb3 49. gxf5 exf5 50. Be8 Re6 51. Bd7 Rd6 52. Ba4 Ra6 53. Bb5
Rb6 54. a4 a6 55. Bd7 c3 56. Rg2 Kf7 57. Rh7+ Kg8 58. Rgh2 Bg7 59. R7h3 Nd2+
60. Ke2 Rd6 61. Bc8 Ne4 62. Kd3 Rb6 63. Rc2 Rb1 64. Be6+ Kf8 65. Bxd5 Rd1+ 66.
Kc4 1-0

[Event "4.liga A22 2019/2020"]
[Site "?"]
[Date "2020.03.08"]
[Round "10.2"]
[White "Rusnacik, Milan"]
[Black "Rozsas, Daniel"]
[Result "0-1"]
[WhiteElo "1355"]
[BlackElo "1651"]
[PlyCount "94"]
[EventDate "2019.10.13"]
[WhiteTeam "ŠK KOMPLET Trnava - Modranka B"]
[BlackTeam "DSC Potôňska veža C"]

1. d4 Nf6 2. c4 e6 3. Nf3 Bb4+ 4. Bd2 Be7 5. Bg5 h6 6. Bh4 O-O 7. Nc3 d5 8. e3
a6 9. Bd3 dxc4 10. Bxc4 b5 11. Bd3 Bb7 12. O-O Nbd7 13. Qe2 c5 14. dxc5 Nxc5
15. Bc2 Qc7 16. Bg3 Bd6 17. Bxd6 Qxd6 18. Rfd1 Qc7 19. Rac1 Ng4 20. g3 Qc6 21.
e4 b4 22. Nd4 Qc7 23. Na4 Ne5 24. Nxc5 Qxc5 25. Bb1 Qb6 26. Nb3 Rac8 27. Rxc8
Rxc8 28. Nd4 Rc5 29. Nf3 Qc7 30. Nxe5 Rxe5 31. f3 Qc5+ 32. Kg2 Qe7 33. Qd2 Rb5
34. Qd8+ Qxd8 35. Rxd8+ Kh7 36. e5+ g6 37. Rd7 Kg7 38. g4 Bc6 39. Rc7 Ba8 40.
Ra7 Bb7 41. Be4 Bxe4 42. fxe4 Ra5 43. Rb7 Ra4 44. Kg3 a5 45. a3 bxa3 46. bxa3
Rxa3+ 47. Kf4 g5# 0-1

[Event "4.liga A22 2019/2020"]
[Site "?"]
[Date "2020.03.08"]
[Round "10.3"]
[White "Vegh, Vince"]
[Black "Meszaros, Nikolas"]
[Result "1-0"]
[WhiteElo "1917"]
[BlackElo "1796"]
[PlyCount "76"]
[EventDate "2019.10.13"]
[WhiteTeam "MĹ K Corvin VeÄľkĂ˝ Meder"]
[BlackTeam "MĹ K GabÄŤĂ­kovo B"]

1. e4 c5 2. Nf3 Nc6 3. d4 cxd4 4. Nxd4 g6 5. Nc3 Bg7 6. Be3 Nf6 7. f3 d6 8. Qd2
Bd7 9. Bc4 Na5 10. Bb3 Rc8 11. O-O-O Nc4 12. Bxc4 Rxc4 13. Nb3 b6 14. Bh6 O-O
15. h4 Qc7 16. h5 Rc8 17. Bxg7 Kxg7 18. hxg6 fxg6 19. Qh6+ Kg8 20. Nd5 Nxd5 21.
Qxh7+ Kf8 22. Qh8+ Kf7 23. Rh7+ Ke6 24. exd5+ Kf5 25. Rf7+ Kg5 26. Qh1 Rf4 27.
Rd2 Rxf7 28. Nd4 Rff8 29. Qh7 Bf5 30. g4 Qc4 31. Qxe7+ Kf4 32. Qxd6+ Kg5 33.
Qe7+ Kf4 34. gxf5 gxf5 35. Ne6+ Kxf3 36. Nxf8 Qf1+ 37. Rd1 Rc4 38. Qe5 Re4 1-0

[Event "4.liga A22 2019/2020"]
[Site "?"]
[Date "2020.03.08"]
[Round "10.3"]
[White "Kosar, Mikulas"]
[Black "Csefalvay, Stefan"]
[Result "1-0"]
[WhiteElo "1816"]
[BlackElo "1782"]
[PlyCount "46"]
[EventDate "2019.10.13"]
[WhiteTeam "MĹ K GabÄŤĂ­kovo B"]
[BlackTeam "MĹ K Corvin VeÄľkĂ˝ Meder"]

1. d4 Nf6 2. Bf4 e6 3. Nf3 d5 4. e3 Bd6 5. Ne5 O-O 6. Bd3 c5 7. c3 Nc6 8. Nd2
Bxe5 9. dxe5 Nd7 10. Nf3 h6 11. Bc2 c4 12. O-O b6 13. e4 Ne7 14. Qd2 Ng6 15.
Bg3 Bb7 16. exd5 Bxd5 17. Qe3 Bxf3 18. gxf3 Nc5 19. Rad1 Qe7 20. Rd4 b5 21.
Rfd1 Rfd8 22. Rxd8+ Rxd8 23. Rxd8+ Qxd8 1-0

[Event "4.liga A22 2019/2020"]
[Site "?"]
[Date "2020.03.08"]
[Round "10.3"]
[White "Szabo, Julius"]
[Black "Bott, Tamas"]
[Result "0-1"]
[WhiteElo "1641"]
[BlackElo "1654"]
[PlyCount "112"]
[EventDate "2019.10.13"]
[WhiteTeam "MĹ K Corvin VeÄľkĂ˝ Meder"]
[BlackTeam "MĹ K GabÄŤĂ­kovo B"]

1. e4 e5 2. Nf3 Nc6 3. Bc4 f6 4. c3 a6 5. d4 b5 6. Bd5 Bb7 7. dxe5 Bc5 8. Bf4
Nge7 9. exf6 gxf6 10. b4 Ba7 11. Bb3 Ng6 12. Qd5 Qe7 13. Bxc7 Na5 14. Qf7+ Qxf7
15. Bxf7+ Kxf7 16. Bxa5 Bxe4 17. Nbd2 Bb7 18. O-O h5 19. Nd4 Rac8 20. Rac1 Ne7
21. Rfe1 Rhg8 22. g3 f5 23. N2b3 f4 24. Nc5 Bxc5 25. bxc5 fxg3 26. hxg3 h4 27.
Kh2 Rxc5 28. Bb4 hxg3+ 29. Kg1 Rh8 30. fxg3 Rch5 31. Bxe7 Rh2 32. Bh4 Rg2+ 33.
Kh1 Kg6 34. Rc2 Rf8 35. Nf3 Rxf3 36. Kxg2 Rxc3+ 37. Kh3 Rxc2 38. a3 Bc8 39. Re3
d5+ 40. g4 d4 41. Rd3 Rc3 42. Rxc3 dxc3 43. Be1 c2 44. Bd2 a5 45. Kg3 b4 46.
axb4 axb4 47. Bc1 Kf6 48. Kf3 Ke5 49. Bb2+ Kd5 50. g5 Kc4 51. Ke3 Kb3 52. Bc1
Ka2 53. Kd2 Bf5 54. Ke3 b3 55. Kd2 b2 56. Bxb2 Kxb2 0-1

[Event "4.liga A22 2019/2020"]
[Site "?"]
[Date "2020.03.08"]
[Round "10.3"]
[White "Kosar, Mikulas"]
[Black "Bogi, Timea"]
[Result "1/2-1/2"]
[WhiteElo "1572"]
[BlackElo "1534"]
[PlyCount "114"]
[EventDate "2019.10.13"]
[WhiteTeam "MĹ K GabÄŤĂ­kovo B"]
[BlackTeam "MĹ K Corvin VeÄľkĂ˝ Meder"]

1. e4 e5 2. Nf3 Nc6 3. Bc4 Bc5 4. d3 h6 5. a3 d6 6. h3 Be6 7. Bxe6 fxe6 8. b4
Bb6 9. Bb2 Qf6 10. Nc3 Nd4 11. Na4 Nxf3+ 12. Qxf3 Qxf3 13. gxf3 Ne7 14. Nxb6
axb6 15. Rg1 g5 16. Ke2 Ng6 17. Rg3 Rf8 18. d4 exd4 19. Bxd4 e5 20. Bb2 Ke7 21.
Bc1 Rf7 22. Rb1 Ke6 23. Rb3 c5 24. bxc5 bxc5 25. c4 Ra4 26. Rc3 Rf8 27. Kd3 Kd7
28. Kc2 Kc6 29. Kb3 Rfa8 30. Rg1 b5 31. cxb5+ Kxb5 32. Rd1 Rd4 33. Rxd4 exd4
34. Rc2 Rf8 35. a4+ Kc6 36. a5 Rxf3+ 37. Ka4 Rf7 38. Rb2 Rb7 39. Rxb7 Kxb7 40.
Kb5 Ne5 41. f4 gxf4 42. Bxf4 d3 43. Bxh6 c4 44. a6+ Ka8 45. Kb4 Ka7 46. Kc3
Kxa6 47. Bf4 Ng6 48. Bxd6 Kb5 49. Bg3 Kc5 50. h4 Nf8 51. h5 Nh7 52. Be5 Ng5 53.
Bd4+ Kd6 54. Be3 Nxe4+ 55. Kxc4 d2 56. Bxd2 Nxd2+ 57. Kd3 Ke6 1/2-1/2

[Event "4.liga A22 2019/2020"]
[Site "?"]
[Date "2020.03.08"]
[Round "10.3"]
[White "Kiss, Marton Dezso"]
[Black "Sandor, Stefan"]
[Result "1-0"]
[WhiteElo "1443"]
[BlackElo "1592"]
[PlyCount "43"]
[EventDate "2019.10.13"]
[WhiteTeam "MĹ K Corvin VeÄľkĂ˝ Meder"]
[BlackTeam "MĹ K GabÄŤĂ­kovo B"]

1. e4 e5 2. Nf3 d6 3. d4 exd4 4. Nxd4 Nf6 5. Nc3 Be7 6. Bc4 Bg4 7. Be2 Bd7 8.
O-O Nc6 9. Re1 O-O 10. b3 Nxd4 11. Qxd4 Be6 12. Bb2 Nd7 13. Nd5 Bf6 14. Nxf6+
Nxf6 15. Rad1 d5 16. exd5 Qxd5 17. Qh4 Qa5 18. Bxf6 gxf6 19. Qxf6 c6 20. Bd3
Qh5 21. Rd2 Rad8 22. Re5 1-0

[Event "4.liga A22 2019/2020"]
[Site "?"]
[Date "2020.03.08"]
[Round "10.4"]
[White "Kosticky, Simon"]
[Black "Bukovsky, Milan"]
[Result "1/2-1/2"]
[WhiteElo "1858"]
[BlackElo "1874"]
[PlyCount "124"]
[EventDate "2019.10.13"]
[WhiteTeam "ŠK Lokomotíva Trnava C"]
[BlackTeam "ŠK Šúrovce"]

1. c4 Nf6 2. Nc3 e6 3. g3 d5 4. cxd5 Nxd5 5. Bg2 Nxc3 6. bxc3 Be7 7. Rb1 c6 8.
Nf3 Qc7 9. O-O O-O 10. d4 Nd7 11. e4 b6 12. Bf4 Bd6 13. e5 Be7 14. Ng5 Bxg5 15.
Bxg5 f6 16. exf6 Nxf6 17. Bf4 Qd7 18. Qb3 Nd5 19. Be5 Qf7 20. c4 Ne7 21. a4 Bd7
22. a5 bxa5 23. Qa3 Ng6 24. Bd6 Rfc8 25. Rb2 Qe8 26. Qxa5 c5 27. Bxc5 Bc6 28.
Bxc6 Qxc6 29. Bxa7 Rxa7 30. Qxa7 e5 31. Rd1 Nh4 32. Qb7 Qxb7 33. Rxb7 Nf3+ 34.
Kg2 Nxd4 35. Rxd4 exd4 36. Rb4 d3 37. Kf1 Re8 38. Rb2 Kf7 39. Rd2 Rd8 40. Kg2
Ke6 41. Kf3 Rd4 42. c5 Rc4 43. Rxd3 Rxc5 44. Ra3 Rc7 45. Kg4 Kf7 46. f4 Rb7 47.
Ra6 Rc7 48. h3 Rb7 49. Kh5 Rc7 50. g4 Rb7 51. g5 Rc7 52. Kg4 Rb7 53. h4 g6 54.
Ra4 Kg7 55. f5 gxf5+ 56. Kxf5 Rf7+ 57. Kg4 Rb7 58. h5 Rc7 59. h6+ Kf7 60. Ra8
Rc1 61. Rh8 Rg1+ 62. Kf5 Rf1+ 1/2-1/2